[Event "Sparkassen-Open B"]
[Site "Heusenstamm, Martinsee"]
[Date "2022.11.20"]
[Round "6.30"]
[White "Schulze, Fabian"]
[Black "Sasikumar Anitha, Sarvesh"]
[Result "1/2-1/2"]
[WhiteElo "1725"]
[BlackElo "1563"]
[PlyCount "30"]
[EventDate "2022.??.??"]
[WhiteTeam "SC Steinbach"]
[BlackTeam "TuS Makkabi Ffm"]

1. d4 e6 2. c3 Nf6 3. Bg5 Be7 4. e3 h6 5. Bxf6 Bxf6 6. Bd3 d5 7. Nd2 c5 8. Ngf3
c4 9. Bc2 Nc6 10. O-O Qc7 11. a4 g5 12. e4 g4 13. Ne1 Rg8 14. e5 Be7 15. f4 h5
1/2-1/2

[Event "Sparkassen-Open B"]
[Site "Heusenstamm, Martinsee"]
[Date "2022.11.20"]
[Round "6.31"]
[White "Kähm, Kevin"]
[Black "Leitzig, Reamonn"]
[Result "1/2-1/2"]
[WhiteElo "1696"]
[BlackElo "1484"]
[PlyCount "67"]
[EventDate "2022.??.??"]
[WhiteTeam "SK Bischofsheim"]
[BlackTeam "SV 1934 Ffm-Griesheim"]

1. d4 Nf6 2. Nf3 e6 3. Bg5 d5 4. e3 c5 5. Bb5+ Bd7 6. Bxd7+ Nbxd7 7. O-O Rc8 8.
c3 Be7 9. Nbd2 O-O 10. Bxf6 Bxf6 11. Re1 Re8 12. Qb3 cxd4 13. exd4 Qc7 14. Re2
a6 15. Rae1 b5 16. Nf1 Rb8 17. Ne3 Rec8 18. a3 a5 19. Rc2 Nb6 20. Qa2 Nc4 21.
Nxc4 bxc4 22. Ree2 a4 23. Qa1 Rb6 24. g3 g6 25. Qc1 Bg7 26. h4 h5 27. Qg5 Qd8
28. Qxd8+ Rxd8 29. Ng5 Bf6 30. f4 Bxg5 31. hxg5 Kg7 32. Kg2 Rdb8 33. Kh3 R6b7
34. Rf2 1/2-1/2

[Event "Sparkassen-Open B"]
[Site "Heusenstamm, Martinsee"]
[Date "2022.11.20"]
[Round "6.32"]
[White "Mut, Friedrich"]
[Black "Deboer, Alex"]
[Result "0-1"]
[WhiteElo "1678"]
[BlackElo "1206"]
[PlyCount "96"]
[EventDate "2022.??.??"]
[WhiteTeam "SC Sulzbach"]
[BlackTeam "SK Bickenbach"]

1. e4 c6 2. Nf3 d5 3. e5 Bg4 4. d4 c5 5. c3 Nc6 6. h3 Bxf3 7. Qxf3 cxd4 8. Bd3
Nxe5 9. Bb5+ Nc6 10. cxd4 e6 11. O-O Bd6 12. Qc3 Nge7 13. f4 Rc8 14. Qg3 O-O
15. Be3 Nf5 16. Qf2 Qb6 17. Bxc6 Rxc6 18. g4 Nxe3 19. Qxe3 Qxb2 20. Nd2 Bb4 21.
Rad1 Rc3 22. Qf2 Rxh3 23. f5 Rd3 24. Nb3 Qxf2+ 25. Kxf2 Rxd1 26. Rxd1 exf5 27.
gxf5 Rc8 28. Rc1 Rxc1 29. Nxc1 g6 30. Nd3 Bd6 31. fxg6 hxg6 32. a4 f5 33. a5 b6
34. a6 b5 35. Kf3 g5 36. Kg2 Kg7 37. Kf3 Kf6 38. Ke2 g4 39. Kf2 f4 40. Ke2 Kf5
41. Kd2 g3 42. Ke2 Ke4 43. Ne1 Kxd4 44. Nf3+ Kc3 45. Ng5 b4 46. Nf3 b3 47. Kd1
b2 48. Nd2 g2 0-1

[Event "Sparkassen-Open B"]
[Site "Heusenstamm, Martinsee"]
[Date "2022.11.20"]
[Round "6.33"]
[White "Fettig, Michel"]
[Black "Drewes, Thomas"]
[Result "1/2-1/2"]
[WhiteElo "1403"]
[BlackElo "1676"]
[PlyCount "62"]
[EventDate "2022.??.??"]
[WhiteTeam "SC ML Kastellaun"]
[BlackTeam "SV Würzburg von 1865"]

1. e4 d6 2. d4 Nf6 3. Nc3 e5 4. dxe5 dxe5 5. Qxd8+ Kxd8 6. Nf3 Bd6 7. Bg5 c6 8.
O-O-O Kc7 9. Bc4 Rf8 10. Rd2 b5 11. Bxb5 Bb4 12. Bxf6 gxf6 13. Bc4 Nd7 14. a3
Bxc3 15. bxc3 Nc5 16. Re1 Be6 17. Bxe6 fxe6 18. Rde2 Rab8 19. Nd2 Na4 20. Re3
Rb5 21. c4 Rc5 22. Rh3 Rf7 23. Rb3 Nb6 24. Rc3 Na4 25. Nb3 Nxc3 26. Nxc5 Kd6
27. Kb2 Kxc5 28. Kxc3 Rd7 29. Rb1 Rd4 30. f3 Rxc4+ 31. Kd3 Ra4 1/2-1/2

[Event "Sparkassen-Open B"]
[Site "Heusenstamm, Martinsee"]
[Date "2022.11.20"]
[Round "6.34"]
[White "Spelleken, Mark"]
[Black "Goodwin, David"]
[Result "1-0"]
[WhiteElo "1520"]
[BlackElo "1497"]
[PlyCount "76"]
[EventDate "2022.??.??"]
[WhiteTeam "SC Kahl"]
[BlackTeam "SV 1920 Kelsterbach"]

1. d4 g6 2. Nf3 Bg7 3. e4 d6 4. Nc3 Nd7 5. Bc4 e6 6. O-O a6 7. Re1 b5 8. Bb3
Bb7 9. Bg5 Ne7 10. Bh4 h6 11. Bxe7 Qxe7 12. Qd2 c5 13. dxc5 Nxc5 14. Rad1 Nxb3
15. cxb3 Rd8 16. Re3 O-O 17. Rd3 b4 18. Na4 Bxe4 19. Rxd6 Bf6 20. Ne1 Qc7 21.
h3 Bd5 22. Rxd8 Rxd8 23. Qxb4 Rb8 24. Qc5 Qb7 25. Qc2 Rc8 26. Qd2 Kh7 27. Nc3
Bc6 28. Qf4 Bg5 29. Qe5 Qe7 30. Ne4 Bxe4 31. Qxe4 f5 32. Qa4 Rc7 33. Qxa6 Qc5
34. Qxe6 Re7 35. Rd7 Kg7 36. Nd3 Kf8 37. Nxc5 Rxe6 38. Nxe6+ Ke8 1-0

[Event "Sparkassen-Open B"]
[Site "Heusenstamm, Martinsee"]
[Date "2022.11.20"]
[Round "6.35"]
[White "Scheerer, Amelie"]
[Black "Kessler, Georg"]
[Result "0-1"]
[WhiteElo "1158"]
[BlackElo "1627"]
[PlyCount "42"]
[EventDate "2022.??.??"]
[WhiteTeam "SV 1934 Ffm-Griesheim"]
[BlackTeam "SC Sulzbach-Rosenberg"]

1. e4 e5 2. Nf3 Nf6 3. Nc3 Nc6 4. Bc4 Nxe4 5. Nxe4 d5 6. Bb5 dxe4 7. Nxe5 Qg5
8. Nxc6 Bd7 9. Nd4 Bxb5 10. Nxb5 Qxb5 11. Qe2 Qxe2+ 12. Kxe2 O-O-O 13. Rd1 Bd6
14. h3 Rhe8 15. f3 exf3+ 16. Kxf3 Re6 17. d3 Rde8 18. Bd2 Rf6+ 19. Kg4 Re2 20.
Bc3 Rxg2+ 21. Kh4 Rh6# 0-1

[Event "Sparkassen-Open B"]
[Site "Heusenstamm, Martinsee"]
[Date "2022.11.20"]
[Round "6.36"]
[White "Jansen, Malte"]
[Black "Sitta, Stefan"]
[Result "1-0"]
[WhiteElo "1396"]
[BlackElo "1611"]
[PlyCount "39"]
[EventDate "2022.??.??"]
[WhiteTeam "SJ Herborn 1998"]
[BlackTeam "Sfr Stiller Zug Wiesbaden"]

1. e4 d5 2. exd5 Nf6 3. Bc4 Bg4 4. f3 Bf5 5. Nc3 Nbd7 6. d3 Nb6 7. Nge2 Nfxd5
8. Nxd5 Nxd5 9. Bd2 e5 10. Nc3 c6 11. Qe2 Qd6 12. f4 f6 13. O-O O-O-O 14. fxe5
Qc5+ 15. Kh1 Bg6 16. Bxd5 cxd5 17. exf6 d4 18. Ne4 Bxe4 19. Qxe4 Re8 20. Qxe8+
1-0

[Event "Sparkassen-Open B"]
[Site "Heusenstamm, Martinsee"]
[Date "2022.11.20"]
[Round "6.37"]
[White "Gräßer, Malte"]
[Black "Laux, Filip"]
[Result "1-0"]
[WhiteElo "1605"]
[BlackElo "1446"]
[PlyCount "33"]
[EventDate "2022.??.??"]
[WhiteTeam "Sfr.Heidesheim"]
[BlackTeam "VSG 1880 Offenbach"]

1. e4 c6 2. d4 d5 3. e5 Bf5 4. Nf3 e6 5. Be2 c5 6. c3 Nc6 7. O-O Rc8 8. a3 Qb6
9. b4 cxb4 10. cxb4 a6 11. Bb2 a5 12. b5 Na7 13. a4 Bc2 14. Qd2 Ne7 15. Bc3 Qc7
16. Qxc2 Nf5 17. Qd2 1-0

[Event "Sparkassen-Open B"]
[Site "Heusenstamm, Martinsee"]
[Date "2022.11.20"]
[Round "6.38"]
[White "Hott, Arthur"]
[Black "Alt, Johannes"]
[Result "1-0"]
[WhiteElo "1497"]
[BlackElo "1433"]
[PlyCount "81"]
[EventDate "2022.??.??"]
[WhiteTeam "SC Bad Soden"]
[BlackTeam "Sfr.Heidesheim"]

1. d4 Nf6 2. Nc3 g6 3. e4 d6 4. Nf3 Bg7 5. h3 O-O 6. Bd3 Nbd7 7. O-O e5 8. dxe5
Nxe5 9. Nxe5 dxe5 10. Bg5 c6 11. f4 Qb6+ 12. Kh1 exf4 13. Bxf4 Nh5 14. Bd6 Rd8
15. Qf3 Be6 16. Ba3 Be5 17. Ne2 Qc7 18. g4 Ng3+ 19. Nxg3 Bxg3 20. b3 Be5 21.
Rab1 a5 22. Bb2 Bxb2 23. Rxb2 Qe5 24. Rbb1 b5 25. a3 a4 26. b4 Ra7 27. Qf6 Qxf6
28. Rxf6 Kg7 29. Rff1 Re7 30. Kg2 Rd4 31. Kf3 Bc4 32. Ke3 Red7 33. Rbd1 f6 34.
Rf2 Bxd3 35. Rxd3 Rxd3+ 36. cxd3 h6 37. d4 Kf7 38. e5 Ke6 39. Rxf6+ Kd5 40. Kd3
Rg7 41. Rd6# 1-0

[Event "Sparkassen-Open B"]
[Site "Heusenstamm, Martinsee"]
[Date "2022.11.20"]
[Round "6.39"]
[White "Schmitz, Bernhard Hubert"]
[Black "Göbel, Martin"]
[Result "0-1"]
[WhiteElo "1375"]
[BlackElo "1769"]
[PlyCount "30"]
[EventDate "2022.??.??"]
[WhiteTeam "Vorw.Orient Mainz"]
[BlackTeam "SC Groß-Zimmern"]

1. d4 d6 2. e4 Nf6 3. Bd3 g6 4. c4 Bg7 5. h3 O-O 6. Nc3 Nbd7 7. Bg5 c5 8. d5
Qb6 9. Qc2 Ne5 10. Be2 e6 11. f4 Ned7 12. Bd3 Re8 13. Nge2 exd5 14. cxd5 Qb4
15. O-O c4 0-1

[Event "Sparkassen-Open B"]
[Site "Heusenstamm, Martinsee"]
[Date "2022.11.20"]
[Round "6.40"]
[White "Nichols, Uwe"]
[Black "Herrmann, Gerhard"]
[Result "1/2-1/2"]
[WhiteElo "1673"]
[BlackElo "1528"]
[PlyCount "44"]
[EventDate "2022.??.??"]
[WhiteTeam "SV Oberursel"]
[BlackTeam "SC Königsspringer Alzenau"]

1. e4 d5 2. exd5 Nf6 3. c4 c6 4. Nc3 cxd5 5. d4 e6 6. Nf3 Nc6 7. a3 h6 8. Bf4
Bd6 9. Qd2 a6 10. Ne5 Bxe5 11. dxe5 Nh5 12. Be2 Nxf4 13. Qxf4 dxc4 14. Qxc4
Nxe5 15. Qc5 Nd7 16. Qd4 O-O 17. O-O-O Qc7 18. h4 b5 19. Bf3 Rb8 20. Qd6 Qxd6
21. Rxd6 Nf6 22. Rhd1 Bb7 1/2-1/2

[Event "Sparkassen-Open B"]
[Site "Heusenstamm, Martinsee"]
[Date "2022.11.20"]
[Round "6.41"]
[White "Vick, Edward"]
[Black "Michalski, Uwe"]
[Result "0-1"]
[WhiteElo "1222"]
[BlackElo "1671"]
[PlyCount "112"]
[EventDate "2022.??.??"]
[WhiteTeam "TuS Makkabi Wiesbaden"]
[BlackTeam "Sfr.Mainz 1928"]

1. e4 d5 2. exd5 Nf6 3. d4 Qxd5 4. Nc3 Qa5 5. Bd2 Bf5 6. Ne4 Qb6 7. Nxf6+ exf6
8. Bc3 Nc6 9. Nf3 O-O-O 10. Bd3 Bg4 11. Be2 Bxf3 12. Bxf3 Nxd4 13. Bxd4 Bb4+
14. c3 Rxd4 15. Qb3 Ba5 16. Qxb6 axb6 17. b4 Bxb4 18. cxb4 Re8+ 19. Kf1 Rxb4
20. g3 g5 21. Kg2 c5 22. Rab1 Rxb1 23. Rxb1 Kc7 24. Bg4 Rd8 25. Re1 Rd4 26. Bh5
Rd7 27. h3 Kc6 28. Re8 Kb5 29. Rf8 c4 30. Bxf7 Rc7 31. Bxc4+ Rxc4 32. Rxf6 Ra4
33. Rf5+ Kc4 34. h4 Rxa2 35. hxg5 b5 36. Rf7 b6 37. Rxh7 b4 38. g6 Ra8 39. g7
Rg8 40. Rh6 b5 41. Rc6+ Kb3 42. Rc7 Kb2 43. Kf3 b3 44. Ke2 Ka2 45. Ra7+ Kb1 46.
Kd2 b2 47. Rc7 Ka2 48. Kc3 Ra8 49. Ra7+ Rxa7 50. g8=Q+ Ka1 51. Qb8 Ra3+ 52. Kd4
b1=Q 53. Kc5 Rc3+ 54. Kd4 Rc4+ 55. Kd5 Qe4+ 56. Kd6 Rc6+ 0-1

[Event "Sparkassen-Open B"]
[Site "Heusenstamm, Martinsee"]
[Date "2022.11.20"]
[Round "6.42"]
[White "Niedenthal, Robert"]
[Black "Vorsilka, Jiri"]
[Result "0-1"]
[WhiteElo "1644"]
[BlackElo "1492"]
[PlyCount "66"]
[EventDate "2022.??.??"]
[WhiteTeam "SV 1920 Hofheim"]
[BlackTeam "vereinslos"]

1. Nf3 f5 2. b3 Nf6 3. Bb2 e6 4. g3 Be7 5. Bg2 O-O 6. O-O Nc6 7. d3 d5 8. e3
Bd7 9. Qe2 b5 10. Rd1 a5 11. c4 bxc4 12. dxc4 a4 13. cxd5 Nxd5 14. Nc3 Nxc3 15.
Bxc3 Bf6 16. Bxf6 Qxf6 17. Rac1 Rfd8 18. Rxd7 Rxd7 19. Rxc6 Qa1+ 20. Ne1 axb3
21. axb3 Ra2 22. Rc2 Rxc2 23. Qxc2 Qxe1+ 24. Bf1 Qd2 25. Qxd2 Rxd2 26. Bc4 Kf7
27. Kg2 Ke7 28. h4 h5 29. Kf3 e5 30. Kg2 f4 31. exf4 exf4 32. Kf3 Kf6 33. gxf4
Kf5 0-1

[Event "Sparkassen-Open B"]
[Site "Heusenstamm, Martinsee"]
[Date "2022.11.20"]
[Round "6.43"]
[White "Belin, Anton"]
[Black "Özyar, Arin"]
[Result "1-0"]
[WhiteElo "1495"]
[BlackElo "1353"]
[PlyCount "41"]
[EventDate "2022.??.??"]
[WhiteTeam "SK Bad Homburg 1927"]
[BlackTeam "SC Bad Soden"]

1. e4 e5 2. Nf3 Nc6 3. Nc3 Bc5 4. Nxe5 Bxf2+ 5. Kxf2 Nxe5 6. d4 Nc6 7. Bf4 Qf6
8. Nd5 Qxd4+ 9. Qxd4 Nxd4 10. Nxc7+ Kd8 11. Nxa8 Ne6 12. Bb8 Nf6 13. Bd3 a6 14.
Nb6 Nc5 15. Rhe1 Re8 16. e5 Ng4+ 17. Kg3 Nxd3 18. cxd3 Nh6 19. Rac1 Nf5+ 20.
Kf4 Ne7 21. Bc7# 1-0

[Event "Sparkassen-Open B"]
[Site "Heusenstamm, Martinsee"]
[Date "2022.11.20"]
[Round "6.44"]
[White "Keller, Erik"]
[Black "Spiegel, Nina"]
[Result "0-1"]
[WhiteElo "1362"]
[BlackElo "1539"]
[PlyCount "38"]
[EventDate "2022.??.??"]
[WhiteTeam "SC Heusenstamm"]
[BlackTeam "Sfr Stiller Zug Wiesbaden"]

1. e4 c5 2. Nf3 g6 3. d4 cxd4 4. Nxd4 Nc6 5. Be3 Bg7 6. Nc3 Nf6 7. f3 O-O 8.
Qd2 d5 9. Nxc6 bxc6 10. O-O-O Be6 11. exd5 cxd5 12. g4 Qa5 13. h4 Rab8 14. h5
Nxg4 15. fxg4 Rxb2 16. Bd4 Qa3 17. Qe3 Rb4+ 18. Kd2 Rxd4+ 19. Ke1 Re4 0-1

[Event "Sparkassen-Open B"]
[Site "Heusenstamm, Martinsee"]
[Date "2022.11.20"]
[Round "6.45"]
[White "Lorenz sr., Alexander"]
[Black "Kanno, Clara Yumi"]
[Result "0-1"]
[WhiteElo "1236"]
[BlackElo "1243"]
[PlyCount "108"]
[EventDate "2022.??.??"]
[WhiteTeam "SV Bergwinkel"]
[BlackTeam "SF Essen-Werden 1924/80"]

1. e4 c5 2. Nf3 d6 3. d4 cxd4 4. Nxd4 Nf6 5. Nc3 a6 6. Bd3 e6 7. O-O b5 8. a3
Be7 9. Nf3 Qc7 10. Re1 Bb7 11. Bf4 Nbd7 12. e5 dxe5 13. Nxe5 Bd6 14. Nxd7 Qxd7
15. Bxd6 Qxd6 16. Bxb5+ Ke7 17. Qxd6+ Kxd6 18. Rad1+ Ke7 19. Bc4 Rhc8 20. Bb3
Bc6 21. Ne2 a5 22. c3 Rab8 23. Nd4 Bd7 24. Rd2 Rc7 25. Ba2 a4 26. f3 Ne8 27. g3
Rcb7 28. Ree2 Nd6 29. Bd5 Rc7 30. Be4 e5 31. Bd3 Kf6 32. Nc2 Rxb2 33. Bxh7 Nc4
34. Rd5 g6 35. f4 exf4 36. gxf4 Bf5 37. Nd4 Rxe2 38. Nxe2 Kg7 39. Bxg6 fxg6 40.
Nd4 Bd7 41. Kf2 Kf6 42. Nc2 Be6 43. Rb5 Bd7 44. Rd5 Nb2 45. Nd4 Nc4 46. Nb5
Bxb5 47. Rxb5 Nxa3 48. Ra5 Rc4 49. Kg3 Nb1 50. Kg4 Nxc3 51. h4 Re4 52. Ra6+ Re6
53. Ra5 Rc6 54. f5 Rc4+ 0-1

[Event "Sparkassen-Open B"]
[Site "Heusenstamm, Martinsee"]
[Date "2022.11.20"]
[Round "6.46"]
[White "Martens, Marcus"]
[Black "Tobias, Christian"]
[Result "1/2-1/2"]
[WhiteElo "1559"]
[BlackElo "1434"]
[PlyCount "77"]
[EventDate "2022.??.??"]
[WhiteTeam "Sfr Stiller Zug Wiesbaden"]
[BlackTeam "SV Oberursel"]

1. d4 d5 2. Nf3 Nf6 3. Bf4 c5 4. c3 Nc6 5. e3 Qb6 6. Qb3 c4 7. Qxb6 axb6 8.
Nbd2 e6 9. Be2 b5 10. h3 Be7 11. O-O b4 12. cxb4 Bxb4 13. a3 Be7 14. Rfc1 O-O
15. Bd1 Bd7 16. Ne5 Nxe5 17. dxe5 Ne8 18. Nb1 g6 19. Nc3 Ng7 20. Ne2 f6 21. Nd4
Nh5 22. Bxh5 gxh5 23. exf6 Bxf6 24. Bd6 Rf7 25. Bb4 Rg7 26. Kh2 Be5+ 27. f4 Bf6
28. Bc3 Kf7 29. Rg1 Rg6 30. Nf3 Bxc3 31. bxc3 Kf6 32. Ne5 Rg7 33. g4 hxg4 34.
hxg4 Be8 35. Rg3 b5 36. Rg2 h5 37. gxh5 Rxg2+ 38. Kxg2 Bxh5 39. Nf3 1/2-1/2

[Event "Sparkassen-Open B"]
[Site "Heusenstamm, Martinsee"]
[Date "2022.11.20"]
[Round "6.47"]
[White "Meuer, Stephan"]
[Black "Schwab, Lysander"]
[Result "0-1"]
[WhiteElo "1188"]
[BlackElo "1505"]
[PlyCount "84"]
[EventDate "2022.??.??"]
[WhiteTeam "SV Lahnstein"]
[BlackTeam "SC Aschaffenburg"]

1. e4 c5 2. c3 Nf6 3. e5 Nd5 4. Nf3 Nc6 5. Bc4 Nb6 6. Bb3 c4 7. Bc2 d5 8. h3 e6
9. O-O h6 10. b3 Bd7 11. d4 Be7 12. Re1 Qc7 13. b4 O-O-O 14. a4 Rdg8 15. a5 Na8
16. Ba4 g5 17. Nh2 h5 18. Re3 f6 19. b5 Nxa5 20. Nd2 fxe5 21. Ba3 exd4 22. cxd4
Bxa3 23. Raxa3 Qb6 24. Ndf3 Nc7 25. Re5 Bxb5 26. Nxg5 Bxa4 27. Rxa4 Nc6 28. Nf7
Nxe5 29. Nxh8 Rxh8 30. dxe5 a6 31. Nf3 Rf8 32. Ra1 Qc5 33. Qd2 b5 34. Qh6 Rf5
35. Qd2 Kb7 36. Nd4 Rxe5 37. Nf3 Re4 38. Ng5 Re5 39. Nf3 Rf5 40. Nd4 Rf7 41.
Qe3 Qd6 42. Re1 a5 0-1

[Event "Sparkassen-Open B"]
[Site "Heusenstamm, Martinsee"]
[Date "2022.11.20"]
[Round "6.49"]
[White "Kuchta, Maksim"]
[Black "Carvelli, Nicolas"]
[Result "1/2-1/2"]
[WhiteElo "1430"]
[BlackElo "1412"]
[PlyCount "50"]
[EventDate "2022.??.??"]
[WhiteTeam "SC Heusenstamm"]
[BlackTeam "SF Seligenstadt"]

1. e4 d5 2. exd5 Qxd5 3. Nc3 Qd8 4. d4 Nf6 5. Nf3 a6 6. Bf4 b5 7. a3 Bb7 8. g3
e6 9. Bg2 Be7 10. O-O Nd5 11. Nxd5 Bxd5 12. c3 O-O 13. Qe2 Nd7 14. b4 Bd6 15.
Bxd6 cxd6 16. Rfe1 Nf6 17. a4 Qc7 18. h4 Rfc8 19. Ra3 Qb7 20. Qd1 Rc7 21. Qe2
Rac8 22. axb5 axb5 23. Rc1 Ne4 24. Qe3 Rc4 25. Bf1 R4c7 1/2-1/2

[Event "Sparkassen-Open B"]
[Site "Heusenstamm, Martinsee"]
[Date "2022.11.20"]
[Round "6.50"]
[White "Köberl, Christiane"]
[Black "Karres, David Tobias"]
[Result "1/2-1/2"]
[WhiteElo "1492"]
[BlackElo "1370"]
[PlyCount "100"]
[EventDate "2022.??.??"]
[WhiteTeam "SC Sulzbach"]
[BlackTeam "SF Heidelberg"]

1. e4 e5 2. Nf3 Nc6 3. d4 exd4 4. Bc4 Nf6 5. O-O d6 6. c3 Be7 7. cxd4 Nxe4 8.
d5 Ne5 9. Bb5+ Bd7 10. Bxd7+ Nxd7 11. Re1 Nef6 12. Nd4 O-O 13. Nf5 Re8 14. Nc3
Bf8 15. Bg5 Rxe1+ 16. Qxe1 Qe8 17. Qd2 Qe5 18. Ng3 Re8 19. Nb5 Qxd5 20. Nxc7
Qxd2 21. Bxd2 Re5 22. b4 Nd5 23. f4 Nxc7 24. fxe5 dxe5 25. Bc3 Nd5 26. Rd1 Nxc3
27. Rxd7 Nxa2 28. Nf5 g6 29. Ne7+ Kg7 30. Rxb7 Kf6 31. Nd5+ Ke6 32. Nc7+ Kf5
33. Na6 f6 34. Kf1 h6 35. Ke2 Nc3+ 36. Kd3 Nd5 37. g3 Kg4 38. Rxa7 Nxb4+ 39.
Nxb4 Bxb4 40. Ra4 Kh3 41. Rxb4 Kxh2 42. g4 Kg3 43. Ke3 Kh4 44. Kf3 h5 45. Re4
hxg4+ 46. Rxg4+ Kh5 47. Rg1 f5 48. Rg2 g5 49. Ra2 g4+ 50. Ke3 Kg5 1/2-1/2

[Event "Sparkassen-Open B"]
[Site "Heusenstamm, Martinsee"]
[Date "2022.11.20"]
[Round "6.51"]
[White "Bär, Christian"]
[Black "Pradeep, Harshill"]
[Result "0-1"]
[WhiteElo "1525"]
[BlackElo "1320"]
[Annotator "Schloessner,Henrik"]
[PlyCount "39"]
[EventDate "2022.??.??"]
[WhiteTeam "SC Steinbach"]
[BlackTeam "SK Bickenbach"]

{[%evp 0,39,19,38,42,37,24,44,90,60,55,42,26,29,42,33,46,32,25,-2,0,-3,9,-16,
11,-6,10,12,24,-8,28,-16,19,10,48,28,120,111,567,554,641,692]} 1. e4 d5 2. exd5
Nf6 3. d4 Bg4 4. Be2 Bxe2 5. Nxe2 Qxd5 6. O-O e6 7. Bf4 Bd6 8. Re1 O-O 9. c3
Nc6 10. Bxd6 Qxd6 11. h3 Rad8 12. Qb3 b6 13. Nd2 e5 14. dxe5 Qxe5 15. Rad1 Qg5
16. Nf3 Qg6 17. Qc4 Nd7 18. Nf4 Qf6 19. Nd5 Qh6 20. Qxc6 {Seltsam, seltsam!
Aber so steht es auf beiden Partieformularen geschrieben!} 0-1

[Event "Sparkassen-Open B"]
[Site "Heusenstamm, Martinsee"]
[Date "2022.11.20"]
[Round "6.52"]
[White "Heidtkamp, Anna"]
[Black "Heller, Holger"]
[Result "1/2-1/2"]
[WhiteElo "1157"]
[BlackElo "1648"]
[PlyCount "118"]
[EventDate "2022.??.??"]
[WhiteTeam "Düsseldorfer SV 1854"]
[BlackTeam "TuS Dotzheim"]

1. e4 e5 2. Nf3 d6 3. h3 Nf6 4. Nc3 Be7 5. Bc4 O-O 6. d3 Nc6 7. Be3 h6 8. a3
Be6 9. Nd5 Re8 10. O-O Na5 11. Ba2 b6 12. b4 Nb7 13. Bb3 c6 14. Nxe7+ Qxe7 15.
Rc1 Bxb3 16. cxb3 c5 17. bxc5 dxc5 18. Rc3 Rad8 19. Qc1 Rd6 20. b4 Rc6 21. bxc5
Nxc5 22. Qc2 Rec8 23. Rc1 Nfd7 24. d4 exd4 25. Nxd4 Rg6 26. Nf5 Qe6 27. f3 Ne5
28. Bxc5 Rxc5 29. Kh1 Rxc3 30. Qxc3 Kh7 31. Qc8 Qxc8 32. Rxc8 Rc6 33. Re8 Nc4
34. Re7 a5 35. Rxf7 Nxa3 36. Rxg7+ Kh8 37. e5 Nc4 38. f4 Ne3 39. Rf7 Nxf5 40.
Rxf5 a4 41. Rf8+ Kg7 42. Ra8 b5 43. Ra5 Rb6 44. f5 h5 45. g4 hxg4 46. hxg4 Kh6
47. e6 Kg7 48. Kg2 b4 49. Rxa4 b3 50. Ra1 b2 51. Rb1 Kf6 52. Kh3 Rb7 53. Kg3
Rb3+ 54. Kf4 Rb4+ 55. Ke3 Rxg4 56. e7 Kxe7 57. Rxb2 Kf6 58. Rf2 Rg5 59. Ke4
Rg4+ 1/2-1/2

[Event "Sparkassen-Open B"]
[Site "Heusenstamm, Martinsee"]
[Date "2022.11.20"]
[Round "6.53"]
[White "Wiencken, Marcus"]
[Black "Traut, Stefan"]
[Result "1-0"]
[WhiteElo "1233"]
[BlackElo "1581"]
[PlyCount "47"]
[EventDate "2022.??.??"]
[WhiteTeam "Schachforum Darmstadt 1994"]
[BlackTeam "SF Heusenstamm"]

1. e4 c5 2. Nf3 d6 3. Nc3 Nc6 4. Bc4 Nf6 5. O-O g6 6. d3 Bg7 7. Nd5 O-O 8. Ng5
h6 9. Nf3 Bd7 10. Nxf6+ Bxf6 11. Bxh6 Bg7 12. Bxg7 Kxg7 13. Qd2 Rc8 14. Qc3+
Kg8 15. Qd2 Na5 16. Bb3 Nxb3 17. axb3 a6 18. Qh6 f6 19. Qxg6+ Kh8 20. Qh6+ Kg8
21. Nh4 Be8 22. f4 e6 23. Rf3 Kf7 24. Qh7# 1-0

[Event "Sparkassen-Open B"]
[Site "Heusenstamm, Martinsee"]
[Date "2022.11.20"]
[Round "6.54"]
[White "Shanawaz Thabrez, Shahzaib"]
[Black "Bergner, Matthias"]
[Result "0-1"]
[WhiteElo "1159"]
[BlackElo "1574"]
[PlyCount "118"]
[EventDate "2022.??.??"]
[WhiteTeam "SK Langen"]
[BlackTeam "SV 1926 Neu-Isenburg"]

1. e4 e6 2. d4 d5 3. Nc3 Nf6 4. e5 Nfd7 5. Nf3 c5 6. Be3 Nc6 7. Bb5 cxd4 8.
Bxc6 bxc6 9. Bxd4 Bb4 10. a3 Ba5 11. b4 Bb6 12. O-O O-O 13. Re1 c5 14. bxc5
Nxc5 15. Bxc5 Bxc5 16. Na4 Be7 17. Nc3 Bd7 18. Ne2 Rc8 19. Ned4 Rc3 20. a4 Rc4
21. a5 a6 22. Nb3 Qc7 23. Ra2 Rc8 24. Re2 Rc3 25. Nfd4 Bc5 26. Nxc5 Rxc5 27.
Qd2 Rb8 28. h3 Rb1+ 29. Re1 Rxe1+ 30. Qxe1 Rc4 31. Qd2 Qxe5 32. Nf3 Qb8 33. c3
Qc7 34. Ra3 Rc5 35. Qb2 h6 36. Qa1 Rb5 37. Nd4 Rb7 38. g3 Qb8 39. Kg2 Rb1 40.
Qa2 Rb2 41. Qa1 e5 42. Nf3 f6 43. Qd1 Be6 44. Ra1 Qb3 45. Qf1 Qc2 46. Rc1 Qe2
47. Qg1 Bxh3+ 48. Kxh3 Qxf3 49. Rb1 Qf5+ 50. Kh2 Qxb1 51. Qg2 Qe4 52. Qf1 Qf3
53. Kh3 Rxf2 54. Qxf2 Qxf2 55. Kg4 Kh7 56. c4 f5+ 57. Kh3 g5 58. g4 f4 59. cxd5
Qg3# 0-1

[Event "Sparkassen-Open B"]
[Site "Heusenstamm, Martinsee"]
[Date "2022.11.20"]
[Round "6.55"]
[White "Hellmann, Alexander"]
[Black "Leichum, Engelbert"]
[Result "0-1"]
[WhiteElo "1137"]
[BlackElo "1559"]
[PlyCount "32"]
[EventDate "2022.??.??"]
[WhiteTeam "SJ Herborn 1998"]
[BlackTeam "vereinslos"]

1. e4 e5 2. Nf3 Nf6 3. Bc4 d6 4. d3 h6 5. O-O Bg4 6. Be3 Nbd7 7. Nbd2 c6 8. c3
b5 9. Bb3 a5 10. c4 Be7 11. cxb5 cxb5 12. Rc1 a4 13. Bd5 Nxd5 14. exd5 O-O 15.
Rc6 f5 16. g3 e4 0-1

[Event "Sparkassen-Open B"]
[Site "Heusenstamm, Martinsee"]
[Date "2022.11.20"]
[Round "6.56"]
[White "Hafner, Hans-Peter"]
[Black "Wöhl, Torsten"]
[Result "0-1"]
[WhiteElo "1131"]
[BlackElo "1515"]
[PlyCount "82"]
[EventDate "2022.??.??"]
[WhiteTeam "Sfr.Mainz 1928"]
[BlackTeam "SC Groß-Zimmern"]

1. e4 e6 2. d4 d5 3. Nc3 c5 4. e5 cxd4 5. Qxd4 Nc6 6. Qa4 Bd7 7. Qf4 Nge7 8.
Bd3 Ng6 9. Bxg6 hxg6 10. Bd2 Qb6 11. O-O-O Na5 12. Be3 Qc7 13. Nge2 Nc4 14. Nd4
Be7 15. Ndb5 Qa5 16. Nd4 Ba3 17. Kb1 Nxb2 18. Bd2 Nxd1 19. Nxd1 Qb6+ 20. Nb3
Rc8 21. Be3 Qc7 22. c3 Bb5 23. Qd4 b6 24. f4 Be2 25. Nf2 Qxc3 26. Qxc3 Rxc3 27.
Bc1 Be7 28. Kb2 Rc7 29. g3 Bf3 30. Re1 Rxh2 31. Be3 Bb4 32. Rf1 Be4 33. Nd4 Bd3
34. Rd1 Be4 35. Kb3 a5 36. Nb5 Bc2+ 37. Kb2 Bxd1 38. Nxc7+ Kd7 39. Bxb6 Be1 40.
Ka3 Bxf2 41. Bxa5 Bxg3 0-1

[Event "Sparkassen-Open B"]
[Site "Heusenstamm, Martinsee"]
[Date "2022.11.20"]
[Round "6.57"]
[White "Moissl, Felix"]
[Black "Gnandt, Michael"]
[Result "1-0"]
[WhiteElo "1129"]
[BlackElo "1495"]
[PlyCount "75"]
[EventDate "2022.??.??"]
[WhiteTeam "SJ Herborn 1998"]
[BlackTeam "SV Steinhausen"]

1. e4 e5 2. Nf3 Nc6 3. d4 exd4 4. Nxd4 Ne5 5. Bf4 d6 6. Be2 Qf6 7. Bg3 g6 8.
Nd2 Bg7 9. Nb5 Qe7 10. Rb1 a6 11. Nd4 Nd7 12. N4b3 Ngf6 13. Bh4 Qe6 14. Bf3 O-O
15. O-O Ne5 16. Be2 a5 17. a4 Bd7 18. Nd4 Qe8 19. b3 c5 20. Nb5 Qb8 21. Re1 Bc6
22. Bf1 Neg4 23. Nc4 Bxb5 24. axb5 Rd8 25. Bg3 Ne5 26. Qc1 Nh5 27. Bh4 Nf6 28.
Rd1 Nxc4 29. Bxc4 Re8 30. Qf4 d5 31. Qxb8 Raxb8 32. exd5 Re4 33. Bxf6 Bxf6 34.
g3 Rbe8 35. Kf1 Bd4 36. Rd3 Re2 37. Rxd4 cxd4 38. Bxe2 1-0